Он: пер. с англ., фр.; Он; Тереза - философ; Философия в будуаре

Podrobná bibliografie
Další autoři: Шарпило В. В. (составитель), Глушко Н. В. (иллюстратор), Жегулович Т. В.
Shrnutí:Исключено из фонда НТБ ТПУ
Jazyk:ruština
Vydáno: Минск, Парадокс, 1994
TOC:Он;
Тереза - философ;
М. де Сад, Философия в будуаре;
Edice:Презент
Médium: MixedMaterials Kniha
KOHA link:https://koha.lib.tpu.ru/cgi-bin/koha/opac-detail.pl?biblionumber=119393

MARC

LEADER 00000nam0a2200000 4500
001 119393
005 20231031124533.0
010 |a 9856092051 
035 |a (RuTPU)RU\TPU\book\129222 
090 |a 119393 
100 |a 20070703d1994 m y0rusy50 ca 
101 1 |a rus  |c eng  |c fre 
102 |a BY 
105 |a a z 000ay 
200 1 |a Он  |e пер. с англ., фр.  |f сост. В. В. Шарпило; худож. Н. В. Глушко, Т. В. Жегулович 
210 |a Минск  |c Парадокс  |d 1994 
215 |a 416 с.  |c ил. 
225 1 |a Презент 
333 |a Исключено из фонда НТБ ТПУ 
464 |t Он 
464 |t Тереза - философ 
464 |t Философия в будуаре  |f М. де Сад  |a Сад, Маркиз де 
675 |a 82  |v 3 
702 1 |a Шарпило  |b В. В.  |4 220 
702 1 |a Глушко  |b Н. В.  |4 440 
702 1 |a Жегулович  |b Т. В.  |4 440 
801 1 |a RU  |b 63413507  |c 20070703  |g PSBO 
801 2 |a RU  |b 63413507  |c 20211217  |g PSBO 
942 |c BK